[Event "62. BEM 2008"]
[Site "Dortmund"]
[Date "2008.02.26"]
[Round "5.5"]
[White "Borjini, Mohamed"]
[Black "Werner, Patrick"]
[Result "1-0"]
[WhiteElo "1933"]
[BlackElo "1692"]
[PlyCount "39"]
[EventDate "2008.??.??"]
[Source "SG Dortmund"]
[SourceDate "2004.12.16"]

1. Nf3 Nf6 2. c4 g6 3. d4 Bg7 4. g3 O-O 5. Bg2 d6 6. O-O Nc6 7. Nc3 a6 8. h3
Rb8 9. a4 Na5 10. b3 c5 11. dxc5 dxc5 12. Qxd8 Rxd8 13. Bf4 Nd7 14. Bxb8 Nxb8
15. Rad1 Bd7 16. Nd5 Kf8 17. Nb6 Nxb3 18. Rd3 Na5 19. Rfd1 Ke8 20. Ng5 1-0

[Event "62. BEM 2008"]
[Site "Dortmund"]
[Date "2008.02.26"]
[Round "5.6"]
[White "Grube, Jörg"]
[Black "Kropp, Andreas"]
[Result "1/2-1/2"]
[WhiteElo "1747"]
[BlackElo "1918"]
[Annotator "Grube & Lindam"]
[PlyCount "69"]
[EventDate "2008.??.??"]
[Source "SG Dortmund"]
[SourceDate "2004.12.16"]

1. e4 c5 2. Nf3 e6 3. d4 cxd4 4. Nxd4 Nc6 5. Nc3 a6 6. Be3 Qc7 7. Qd2 Nf6 8. f3
b5 9. g4 h6 10. O-O-O Bb7 11. h4 Bb4 12. a3 Ba5 13. Nb3 b4 14. axb4 Bxb4 15.
Bc5 d5 16. Qe3 Bxc3 17. Qxc3 Qf4+ 18. Kb1 dxe4 19. Na5 Nxa5 20. Qxa5 Nd7 21.
Qa4 Qc7 22. Bd6 Qc6 23. Qxc6 Bxc6 24. fxe4 Bxe4 25. Rh3 Nf6 26. Rc3 Nd5 27. Rc4
Bh7 (27... Ne3 28. Rxe4 Nxd1 29. Bg3 $13) 28. Ra4 Rc8 29. Rd2 Ne3 $2 (29...
Rxc2 $5 30. Rxc2 Ne3 31. Rxa6 Bxc2+ 32. Kc1 Nxf1 33. Ra8+ Kd7 34. Rxh8 Kxd6 35.
Kxc2 Ne3+ $14) 30. Bd3 $6 (30. Bxa6 $1 $16) 30... Bxd3 31. Rxd3 Rc6 32. Rb4 $1
$18 Rh7 33. Rb8+ Kd7 34. Rb7+ Kc8 35. Rb8+ (35. Rxf7 $1 $18 Nxg4 $2 (35... Nc4
36. Bg3 $18) 36. Rf8+ Kb7 37. Rb3+ Rb6 (37... Ka7 38. Rf7+ {nebst Matt}) 38.
Rb8+ $18) (35. Rb8+ Kd7 36. Rb7+ Kc8 37. Rxf7 $18) 1/2-1/2

[Event "62. BEM 2008"]
[Site "Dortmund"]
[Date "2008.02.26"]
[Round "5.7"]
[White "Gorzinski, Dariusz"]
[Black "Sonntag, Joachim"]
[Result "1-0"]
[WhiteElo "1841"]
[BlackElo "1769"]
[PlyCount "87"]
[EventDate "2008.??.??"]
[Source "SG Dortmund"]
[SourceDate "2004.12.16"]

1. e4 c5 2. c3 d5 3. exd5 Qxd5 4. d4 Nc6 5. Nf3 Bg4 6. dxc5 Qxd1+ 7. Kxd1 e5 8.
b4 e4 9. h3 Bxf3+ 10. gxf3 exf3 11. Bb5 O-O-O+ 12. Kc2 Be7 13. Bxc6 bxc6 14.
Nd2 Rd5 15. Nxf3 Rf5 16. Nd4 Rxf2+ 17. Kb3 Kb7 18. Be3 Rf6 19. a4 Nh6 20. Raf1
Rf8 21. Bxh6 gxh6 22. Nf5 Re6 23. Nxe7 Rxe7 24. Rf6 Kc7 25. Rhf1 h5 26. R1f5 h4
27. Rf4 Kd7 28. Rd4+ Ke8 29. Rxh4 Rc7 30. Rxh7 Ke7 31. Rd6 Rg8 32. Rh4 Rg3 33.
Re4+ Kf8 34. Rd8+ Kg7 35. Rg4+ Rxg4 36. hxg4 Kg6 37. Kc4 Kg5 38. Rg8+ Kf4 39.
b5 cxb5+ 40. axb5 Ke5 41. g5 Ke6 42. Rg7 Rc8 43. g6 f5 44. Rxa7 1-0

[Event "62. BEM 2008"]
[Site "Dortmund"]
[Date "2008.02.26"]
[Round "5.8"]
[White "Ezzat, Tarik"]
[Black "Ziperstein, Jakob"]
[Result "0-1"]
[WhiteElo "1506"]
[BlackElo "1851"]
[Annotator "Zelt & Lindam"]
[PlyCount "64"]
[EventDate "2008.??.??"]
[Source "SG Dortmund"]
[SourceDate "2004.12.16"]

1. Nc3 Nf6 2. e4 d6 3. Be2 g6 4. d4 Bg7 5. h4 h5 6. Bg5 Nc6 7. Nh3 a6 8. Nf4 b5
9. a3 Bb7 10. d5 Ne5 11. Nd3 Nc4 12. b3 Nh7 13. Bd2 Nxd2 14. Qxd2 Nf6 15. O-O-O
c5 16. f4 Qa5 17. e5 dxe5 18. Nxe5 Rd8 19. a4 b4 20. Nb1 O-O 21. Qe3 Nxd5 22.
Qe4 Qb6 23. Bf3 Ba8 24. Nc4 Qf6 25. g3 Nc3 (25... Nb6 26. Qe5 Nxc4 27. Qxf6
Bxf6 28. bxc4 (28. Bxa8 $4 Bb2#) 28... Bxf3 $19) 26. Qe5 Bxf3 (26... Na2+ 27.
Kb2 Qf5 $19) 27. Rxd8 Rxd8 28. Nxc3 Bxh1 29. Qc7 Rf8 30. Nb1 Qd4 31. Ne5 Qg1+
32. Kb2 Qxg3 0-1

[Event "62. BEM 2008"]
[Site "Dortmund"]
[Date "2008.02.26"]
[Round "5.9"]
[White "Zelt, Jens"]
[Black "Flierdl, Lothar"]
[Result "1-0"]
[WhiteElo "1982"]
[BlackElo "1702"]
[PlyCount "93"]
[EventDate "2008.??.??"]
[Source "SG Dortmund"]
[SourceDate "2004.12.16"]

1. e4 c5 2. d3 g6 3. g3 Bg7 4. Bg2 Nc6 5. Ne2 e6 6. O-O Nge7 7. c3 d5 8. Qc2
O-O 9. Nd2 b6 10. f4 Ba6 11. e5 Rc8 12. Nf3 Qc7 13. Ng5 h6 14. Nh3 Qd7 15. Nf2
h5 16. Bd2 Nf5 17. Rad1 Qe7 18. Rfe1 b5 19. a3 Bb7 20. Qb3 a6 21. Nc1 c4 22.
Qc2 cxd3 23. Qxd3 Rfd8 24. Qf1 Na5 25. Ncd3 Nb3 26. Be3 Nxe3 27. Rxe3 d4 28.
cxd4 Rxd4 29. Nb4 Bxg2 30. Kxg2 Rxd1 31. Qxd1 Nc5 32. Qf3 Bf8 33. Rc3 Qd7 34.
h3 a5 35. Na2 Qd2 36. g4 hxg4 37. hxg4 Qxb2 38. Nc1 Rd8 39. Ne2 Rd2 40. Re3 b4
41. axb4 axb4 42. f5 Bh6 43. fxg6 fxg6 44. Qa8+ Kh7 45. g5 Bxg5 46. Rh3+ Bh6
47. Qf8 1-0

[Event "62. BEM 2008"]
[Site "Dortmund"]
[Date "2008.02.26"]
[Round "5.10"]
[White "Büchle, Manfred"]
[Black "Krüger, Georg"]
[Result "1-0"]
[WhiteElo "1858"]
[BlackElo "1672"]
[PlyCount "77"]
[EventDate "2008.??.??"]
[Source "SG Dortmund"]
[SourceDate "2004.12.16"]

1. e4 c5 2. b3 Nc6 3. Bb2 e5 4. f4 d6 5. Nf3 Qc7 6. Bb5 a6 7. Bxc6+ Qxc6 8. O-O
f6 9. fxe5 dxe5 10. Bxe5 fxe5 11. Nxe5 Qd6 12. Nf7 Qd4+ 13. Kh1 Nf6 14. c3 Qd3
15. Nxh8 Bg4 16. Qe1 Be6 17. e5 Ne4 18. Rf3 Qd5 19. c4 Qc6 20. Rf4 Ng5 21. h4
Nh3 22. Kh2 Nxf4 23. Qg3 Nh5 24. Qg5 g6 25. Nc3 Be7 26. Qh6 Qc7 27. Re1 Bf6 28.
Nxg6 hxg6 29. Qxg6+ Bf7 30. Qf5 Rd8 31. Nd5 Bxd5 32. cxd5 Kf8 33. Qxh5 Bg7 34.
d6 Qf7 35. Qg5 Re8 36. Re3 Qe6 37. g3 Qh6 38. d7 Qxg5 39. dxe8=Q+ 1-0

[Event "62. BEM 2008"]
[Site "Dortmund"]
[Date "2008.02.26"]
[Round "5.11"]
[White "Kajtazovic, Ismail"]
[Black "Ziemek, Gerhard"]
[Result "1/2-1/2"]
[WhiteElo "1525"]
[BlackElo "1628"]
[PlyCount "136"]
[EventDate "2008.??.??"]
[Source "SG Dortmund"]
[SourceDate "2004.12.16"]

1. d4 Nf6 2. c4 d5 3. cxd5 Nxd5 4. e4 Nf6 5. Nc3 e6 6. Bg5 Be7 7. Nf3 O-O 8.
Be2 b6 9. O-O Bb7 10. Qc2 Nc6 11. Rfd1 Rc8 12. a3 Qe8 13. Bd3 g6 14. Bh6 Rd8
15. e5 Ng4 16. Bxf8 Qxf8 17. h3 Nh6 18. Be4 Nf5 19. Nb5 Na5 20. Bxb7 Nxb7 21.
Qxc7 Rb8 22. Nxa7 Na5 23. Rac1 Rb7 24. Qc3 Rxa7 25. b4 Nb7 26. Qc7 Qa8 27. Qd7
Nc5 28. Qb5 Nb3 29. Rc3 Rxa3 30. Qd3 Qa4 31. Rb1 Bxb4 32. Rcxb3 Rxb3 33. Qxb3
Qxb3 34. Rxb3 Ba5 35. Kf1 Ne7 36. Ng5 Nc6 37. Rf3 Nxd4 38. Rxf7 h6 39. Rd7 Nc6
40. Nf3 Bb4 41. Rb7 Bc5 42. Rc7 Ne7 43. Ne1 Nd5 44. Rc8+ Kg7 45. Nd3 Ba3 46.
Ra8 Bf8 47. Ra7+ Kg8 48. g3 Be7 49. Nf4 Nxf4 50. Rxe7 Nd3 51. Rxe6 Kf7 52. Rxb6
Nxe5 53. Ke2 Kg7 54. f4 Nc4 55. Ra6 g5 56. f5 Ne5 57. Re6 Nf7 58. Kf3 Nd8 59.
Ra6 Nf7 60. Ra7 Kf6 61. Rxf7+ Kxf7 62. Kg4 Kf6 63. Kh5 Kxf5 64. Kxh6 g4 65. h4
Kf6 66. Kh7 Kf7 67. h5 Kf6 68. h6 $4 (68. Kh6 Kf5 69. Kg7) 68... Kf7 1/2-1/2

[Event "62. BEM 2008"]
[Site "Dortmund"]
[Date "2008.02.26"]
[Round "5.12"]
[White "Lauche, Christoph"]
[Black "Salifoski, Ramazan"]
[Result "0-1"]
[WhiteElo "1834"]
[BlackElo "1625"]
[Annotator "P. Schulenburg"]
[PlyCount "126"]
[EventDate "2008.??.??"]
[Source "SG Dortmund"]
[SourceDate "2004.12.16"]

1. e4 c5 2. a3 g6 3. b4 Bg7 4. Nc3 b6 5. Rb1 Ba6 6. Bxa6 Nxa6 7. Nge2 e6 8. O-O
Ne7 9. d4 cxd4 10. Nxd4 O-O 11. Bg5 h6 12. Bh4 g5 13. Bg3 Nc6 14. Nde2 Nab8 15.
Bd6 Ne7 16. b5 Re8 17. e5 a6 18. a4 Nf5 19. Ne4 axb5 20. axb5 Nxd6 21. Qxd6 Bf8
22. Qd4 Bg7 23. f4 d5 24. Nd6 Qxd6 25. exd6 Bxd4+ 26. Nxd4 Rd8 27. fxg5 hxg5
28. Rf6 Rxd6 29. Rbf1 Ra7 30. Nf5 Rdd7 31. Nh6+ Kg7 32. Ng4 Re7 33. Ne5 Rac7
34. R6f2 f5 35. g4 Kf6 36. Nd3 f4 37. h4 e5 38. Nb4 Rc5 39. Rd1 d4 40. c4 Kg6
41. h5+ Kh6 42. Nd5 Re6 43. Ra2 Rxc4 44. Ra7 Rc5 45. Ne7 Kh7 46. Rda1 Kh8 47.
Rb7 Kg7 48. Nf5+ Kf6 49. Rxb8 Rc7 50. Rf8+ Rf7 51. Rxf7+ $2 (51. Rg8 e4 52.
Nxd4 Rd6 53. Rg6+ Ke5 {usw., zum Beispiel} 54. Nf3+ exf3 55. Re1+ Kd5 56. Rd1+
$18) 51... Kxf7 52. Ra7+ Kg8 53. Kf2 $2 ({Nach dem einfachen} 53. Rd7 {
hat Schwarz keinen Plan mehr und muss abwarten, bis der Gegner den Sack zu
macht.}) 53... d3 54. Rd7 {Einen Zug zu spaet!} 54... e4 55. h6 e3+ 56. Nxe3
fxe3+ 57. Ke1 d2+ 58. Ke2 Re5 59. Rd8+ Kh7 60. Rd7+ Kxh6 61. Rd6+ Kg7 62. Rxb6
Rd5 63. Rb7+ Kf6 0-1

[Event "62. BEM 2008"]
[Site "Dortmund"]
[Date "2008.02.26"]
[Round "5.13"]
[White "Schultz, Bernfried"]
[Black "Stepke, Horst P"]
[Result "1-0"]
[WhiteElo "1668"]
[BlackElo "1608"]
[PlyCount "67"]
[EventDate "2008.??.??"]
[Source "SG Dortmund"]
[SourceDate "2004.12.16"]

1. e4 e5 2. Nf3 Nc6 3. d4 exd4 4. Nxd4 Nf6 5. Nxc6 bxc6 6. e5 Nd5 7. c4 Nb6 8.
Nc3 Ba6 9. b3 Bc5 10. Qg4 Qe7 11. Qxg7 O-O-O 12. Bg5 Rdg8 13. Qxg8+ Rxg8 14.
Bxe7 Bxe7 15. g3 Bc5 16. Ne4 Bd4 17. O-O-O Bxe5 18. f4 Bh8 19. Bh3 Kd8 20. Rhe1
Bc8 21. Ng5 Rg7 22. Re2 d5 23. Bxc8 Nxc8 24. cxd5 cxd5 25. Rxd5+ Nd6 26. Ra5 h6
27. Nf3 Nc8 28. Rd2+ Nd6 29. Rxa7 Rh7 30. Ra8+ Ke7 31. Ra7 Kd7 32. Ne5+ Kc8 33.
a4 f5 34. Rxd6 1-0

[Event "62. BEM 2008"]
[Site "Dortmund"]
[Date "2008.02.26"]
[Round "5.14"]
[White "Ziemek, Siegfried"]
[Black "Noori, Mir Ahmad"]
[Result "1-0"]
[WhiteElo "1671"]
[BlackElo "1556"]
[PlyCount "71"]
[EventDate "2008.??.??"]
[Source "SG Dortmund"]
[SourceDate "2004.12.16"]

1. e4 e6 2. d4 d6 3. Bd3 g6 4. Be3 Bg7 5. Nd2 Ne7 6. Nb3 Nd7 7. Qd2 h6 8. h4
Nf6 9. f3 a6 10. Ne2 Qd7 11. g4 Nfg8 12. g5 h5 13. Ng3 d5 14. Nc1 Qd8 15. Nce2
Nc6 16. c3 Nge7 17. f4 dxe4 18. Nxe4 Nd5 19. O-O-O b6 20. Bc2 Nce7 21. c4 Nxe3
22. Qxe3 Bb7 23. Rh2 O-O 24. Nf6+ Bxf6 25. gxf6 Nf5 26. Qg1 Kh7 27. Qg5 b5 28.
Bxf5 exf5 29. Ng3 Rh8 30. Nxh5 bxc4 31. Ng3 Qe8 32. Nxf5 Be4 33. h5 (33. Qh6+
Kg8 34. Qg7#) 33... Kg8 34. Ne7+ Kf8 35. hxg6 Rxh2 36. g7# 1-0

[Event "62. BEM 2008"]
[Site "Dortmund"]
[Date "2008.02.26"]
[Round "5.15"]
[White "Rzoczek, Christoph"]
[Black "Reschop, Romano"]
[Result "0-1"]
[WhiteElo "1588"]
[BlackElo "1670"]
[PlyCount "113"]
[EventDate "2008.??.??"]
[Source "SG Dortmund"]
[SourceDate "2004.12.16"]

1. e4 c5 2. Nf3 Nc6 3. d4 cxd4 4. Nxd4 Nf6 5. Nxc6 bxc6 6. Bd3 e5 7. Bg5 Be7 8.
Nd2 O-O 9. O-O d5 10. Bxf6 Bxf6 11. a4 Be7 12. Nf3 Qc7 13. c4 d4 14. h3 g6 15.
Qe2 a5 16. Ne1 Bg5 17. Nf3 Bh6 18. Nh2 f5 19. c5 Be6 20. Nf3 Bg7 21. Ng5 Bb3
22. Bc4+ Bxc4 23. Qxc4+ Kh8 24. Ne6 Qf7 25. Rac1 Rfe8 26. Ng5 Qxc4 27. Rxc4 Re7
28. b4 h6 29. Nf3 Rb7 30. b5 cxb5 31. axb5 Rxb5 32. c6 Rc8 33. h4 Bf8 34. h5
fxe4 35. Nd2 Rb6 36. c7 Rb7 37. Nxe4 Rbxc7 38. Rxc7 Rxc7 39. hxg6 Kg7 40. f4
exf4 41. Rxf4 d3 42. Rf1 Bb4 43. Rd1 d2 44. Kf2 Rd7 45. Ke2 Kxg6 46. Nf2 Kf5
47. Rf1 Kf4 48. Nd3+ Kg3 49. Nb2 Re7+ 50. Kd3 Re1 51. Rf7 d1=Q+ 52. Nxd1 Rxd1+
53. Ke2 Rd2+ 54. Ke3 Rxg2 55. Rg7+ Kh3 56. Rh7 Rg6 57. Rd7 0-1

[Event "62. BEM 2008"]
[Site "Dortmund"]
[Date "2008.02.26"]
[Round "5.16"]
[White "Rutmann, Ulrich"]
[Black "Ewers, Christian"]
[Result "1-0"]
[WhiteElo "1401"]
[BlackElo "1668"]
[PlyCount "61"]
[EventDate "2008.??.??"]
[Source "SG Dortmund"]
[SourceDate "2004.12.16"]

1. e4 e6 2. d4 d5 3. exd5 exd5 4. Nf3 Nf6 5. Be2 Be7 6. O-O O-O 7. c3 c6 8.
Nbd2 Na6 9. Bxa6 bxa6 10. h3 Qb6 11. Ne5 c5 12. Ndf3 Ne4 13. Re1 f6 14. Nd3
cxd4 15. Nxd4 Ba3 16. f3 Bc5 17. fxe4 dxe4 18. Nxc5 Qxc5 19. Rxe4 Bb7 20. Re2
Rfe8 21. Bf4 Rad8 22. Rxe8+ Rxe8 23. Qd2 Be4 24. Re1 f5 25. Bg3 h6 26. Bf2 Qc4
27. Nxf5 Qc6 28. Nd4 Qg6 29. Be3 Qg3 30. Qf2 Bxg2 31. Qxg3 1-0

[Event "62. BEM 2008"]
[Site "Dortmund"]
[Date "2008.02.26"]
[Round "5.17"]
[White "Hugenroth, Andreas"]
[Black "Watzlawek, Volker"]
[Result "1-0"]
[WhiteElo "1231"]
[BlackElo "1661"]
[PlyCount "77"]
[EventDate "2008.??.??"]
[Source "SG Dortmund"]
[SourceDate "2004.12.16"]

1. d4 e6 2. c4 d5 3. Nc3 Nf6 4. Nf3 Be7 5. e3 O-O 6. Bd3 b6 7. O-O Bb7 8. Re1
c5 9. Ne5 Nc6 10. Bf1 Rc8 11. b3 cxd4 12. exd4 Bb4 13. Bb2 Ne4 14. Re3 Nxe5 15.
Nxe4 Nxc4 16. bxc4 dxe4 17. Qg4 f5 18. Qd1 Bd6 19. d5 exd5 20. cxd5 Be7 21. Rc1
Rxc1 22. Qxc1 Bg5 23. Qc3 Bf6 24. Qb3 Bxd5 25. Bxf6 Rxf6 26. Bc4 Bxc4 27. Qxc4+
Kh8 28. g3 Qd7 29. Rc3 h6 30. Qa6 Kh7 31. Kf1 Qd2 32. Re3 Rd6 33. Qxa7 Qd1+ 34.
Kg2 Qg4 35. Qf7 h5 36. h4 Rf6 37. Qc4 f4 38. Qxe4+ Kh6 39. Rf3 {
und Schwarz ueberschritt die Zeit ...} 1-0

[Event "62. BEM 2008"]
[Site "Dortmund"]
[Date "2008.02.26"]
[Round "5.18"]
[White "Benke, Werner"]
[Black "Clausen, Dirk"]
[Result "1-0"]
[WhiteElo "1563"]
[BlackElo "1597"]
[PlyCount "96"]
[EventDate "2008.??.??"]
[Source "SG Dortmund"]
[SourceDate "2004.12.16"]

1. e4 e6 2. Nf3 Nc6 3. Bb5 a6 4. Bxc6 bxc6 5. d4 Be7 6. O-O Bb7 7. Re1 Nf6 8.
e5 Nd5 9. c4 Nb6 10. c5 Nd5 11. Bd2 O-O 12. Nc3 d6 13. Nxd5 cxd5 14. Qc2 dxc5
15. dxc5 Bc6 16. Nd4 Qd7 17. Kh1 a5 18. a4 Bh4 19. g3 Be7 20. Kg1 h6 21. h3 f6
22. Bf4 Rae8 23. Re2 f5 24. Bd2 Rb8 25. Bxa5 Ra8 26. b4 f4 27. g4 f3 28. Re3
Rf4 29. Qc3 Raf8 30. b5 Ba8 31. b6 g5 32. c6 Qc8 33. b7 Bxb7 34. cxb7 Qxb7 35.
Nxe6 d4 36. Qd3 Kf7 37. Nxf4 gxf4 38. Qc4+ Kg7 39. Rb3 Qe4 40. Qd3 Qxe5 41. Rb5
c5 42. Rd1 Bf6 43. Rb7+ Rf7 44. Rxf7+ Kxf7 45. Qxf3 c4 46. Bd2 c3 47. Bxf4 Qa5
48. Qc6 c2 1-0

[Event "62. BEM 2008"]
[Site "Dortmund"]
[Date "2008.02.26"]
[Round "5.19"]
[White "Wodzinski, Kristin"]
[Black "Hlopotov, Oleg"]
[Result "1-0"]
[WhiteElo "1212"]
[BlackElo "1679"]
[PlyCount "55"]
[EventDate "2008.??.??"]
[Source "SG Dortmund"]
[SourceDate "2004.12.16"]

1. d4 d5 2. c4 e6 3. Nc3 h6 4. Nf3 Nf6 5. Bf4 a6 6. e3 c5 7. cxd5 exd5 8. b3
Nc6 9. Rc1 Bg4 10. Be2 cxd4 11. Nxd4 Bxe2 12. Ndxe2 Bb4 13. O-O O-O 14. Nd4 Qa5
15. Nxc6 bxc6 16. Na4 Rac8 17. Be5 Ne4 18. Qd4 f6 19. Bf4 Rfd8 20. Qb6 g5 21.
Bg3 c5 22. Rfd1 c4 23. Qe6+ Kg7 24. Nb6 Nxg3 25. hxg3 Rc5 26. Qe7+ Kg6 27. Qxd8
c3 28. Qg8+ 1-0

[Event "62. BEM 2008"]
[Site "Dortmund"]
[Date "2008.02.26"]
[Round "5.20"]
[White "Dörre, Niels"]
[Black "Reinacher, Detlev"]
[Result "1/2-1/2"]
[WhiteElo "1590"]
[BlackElo "1464"]
[PlyCount "94"]
[EventDate "2008.??.??"]
[Source "SG Dortmund"]
[SourceDate "2004.12.16"]

1. e4 d6 2. d4 g6 3. Nf3 Bg7 4. Nc3 Nf6 5. Be3 Nbd7 6. Bc4 O-O 7. Qd2 c6 8. O-O
b5 9. Bd3 Bb7 10. a4 a6 11. axb5 cxb5 12. d5 Nc5 13. Bd4 e6 14. dxe6 fxe6 15.
Rfe1 Nxd3 16. Qxd3 e5 17. Be3 d5 18. exd5 Nxd5 19. Bc5 Re8 20. Nxd5 Qxd5 21.
Qxd5+ Bxd5 22. Ng5 Rac8 23. b4 Bb7 24. Ne4 Bxe4 25. Rxe4 Rc6 26. f4 Rce6 27.
Rae1 Kf7 28. Rd1 exf4 29. Rd7+ Kg8 30. Rxf4 Rf6 31. Rxf6 Bxf6 32. Rd6 Be7 33.
Rxa6 Bxc5+ 34. bxc5 Rc8 35. c6 Kf7 36. Ra7+ Ke6 37. Rxh7 Rxc6 38. Rb7 Rc5 39.
Kf1 g5 40. h3 Ke5 41. c3 Kd5 42. Ke2 Kc4 43. Kd2 Kb3 44. Rd7 Rxc3 45. Rd5 Rc2+
46. Kd1 Rxg2 47. Rxb5+ Kc3 1/2-1/2

[Event "62. BEM 2008"]
[Site "Dortmund"]
[Date "2008.02.26"]
[Round "5.21"]
[White "Gennat, Egon L"]
[Black "Siwy, Boguslaw"]
[Result "1-0"]
[WhiteElo "1495"]
[BlackElo "1323"]
[PlyCount "135"]
[EventDate "2008.??.??"]
[Source "SG Dortmund"]
[SourceDate "2004.12.16"]

1. d4 d5 2. Nf3 c6 3. c4 Nf6 4. Nc3 Bf5 5. g3 Nbd7 6. Bg2 dxc4 7. O-O e6 8. Bg5
Be7 9. Nh4 Bg4 10. h3 Bh5 11. Ne4 h6 12. Nxf6+ Nxf6 13. Be3 Nd5 14. Nf3 Qc7 15.
Qd2 O-O-O 16. Ne5 Bb4 17. Qc2 Nxe3 18. fxe3 f6 19. Nxc4 Qxg3 20. Qd3 Bg6 21.
Qb3 Be4 22. Rf2 Be7 23. Nd2 Bxg2 24. Qxe6+ Rd7 25. Rxg2 Qd6 26. Qf5 Bd8 27. Ne4
Qd5 28. Qxd5 cxd5 29. Nc5 Re7 30. Kf2 Bc7 31. Rc1 g5 32. b4 h5 33. a3 h4 34.
Kf3 Kb8 35. Rc3 f5 36. Rxg5 Rf8 37. Nd3 Rfe8 38. Ne1 Bg3 39. Ng2 Rf8 40. Rc5
Rd7 41. Nf4 b6 42. Rc6 Kb7 43. Rgg6 Re8 44. Rgf6 Re4 45. b5 Bxf4 46. exf4 Rxd4
47. Rxf5 Rc4 48. Rxc4 dxc4 49. Rg5 c3 50. Rg1 c2 51. Rc1 Rc7 52. Kg4 Rc4 53. e3
Kc7 54. Kxh4 Kd7 55. Kg4 Ke6 56. h4 Kf6 57. h5 Kg7 58. e4 Rc3 59. e5 Kh6 60. e6
Rc7 61. f5 Rc4+ 62. Kf3 Kg5 63. h6 Kxf5 64. e7 Rc8 65. h7 Ke6 66. Rxc2 Rh8 67.
Rc7 Rxh7 68. e8=Q+ 1-0

[Event "62. BEM 2008"]
[Site "Dortmund"]
[Date "2008.02.26"]
[Round "5.22"]
[White "Collisy, Klaus-D"]
[Black "Schaefer, Ulrich"]
[Result "1/2-1/2"]
[WhiteElo "1326"]
[BlackElo "1253"]
[PlyCount "43"]
[EventDate "2008.??.??"]
[Source "SG Dortmund"]
[SourceDate "2004.12.16"]

1. e4 e5 2. Nf3 Nf6 3. Nc3 Nc6 4. Bc4 Nxe4 5. O-O Nxc3 6. bxc3 d6 7. h3 Be7 8.
Re1 O-O 9. d4 Na5 10. Bd3 exd4 11. cxd4 Be6 12. c3 Qd7 13. Qc2 g6 14. Bh6 Rfe8
15. Re2 Bxh3 16. gxh3 Qxh3 17. Rae1 Qxf3 18. Rxe7 Qg4+ 19. Kf1 Qh3+ 20. Kg1
Qg4+ (20... Rxe7 21. Rxe7 Qxh6) 21. Kf1 Qh3+ 22. Kg1 1/2-1/2

[Event "62. BEM 2008"]
[Site "Dortmund"]
[Date "2008.02.26"]
[Round "5.23"]
[White "Pachura, Karl-Heinz"]
[Black "Warsitz, Andreas"]
[Result "0-1"]
[WhiteElo "1305"]
[BlackElo "1558"]
[PlyCount "120"]
[EventDate "2008.??.??"]
[Source "SG Dortmund"]
[SourceDate "2004.12.16"]

1. e4 d5 2. exd5 Nf6 3. Nc3 Nxd5 4. Nxd5 Qxd5 5. Nf3 g6 6. Be2 Bg7 7. d4 Bf5 8.
c4 Qd8 9. O-O O-O 10. Be3 c6 11. Qd2 Re8 12. Bh6 Bg4 13. Bxg7 Kxg7 14. Qf4 Bxf3
15. Bxf3 e6 16. Rfe1 Na6 17. a3 Qb6 18. b4 Rad8 19. c5 Qc7 20. Qe3 Qe7 21. Qc3
Qf6 22. Rad1 Nc7 23. a4 a6 24. h4 Rd7 25. Re4 Red8 26. Qd2 Nd5 27. Rg4 h5 28.
Re4 Kh7 29. Rb1 Nc7 30. Rf4 Qg7 31. Rd1 e5 32. Re4 f5 33. Ree1 Rxd4 34. Qb2 e4
35. Be2 Rxd1 36. Qxg7+ Kxg7 37. Bxd1 Nd5 38. Be2 Nxb4 39. f4 Kf6 40. a5 Nd3 41.
Rb1 Nxc5 42. g3 Rd7 43. Rb2 Ke7 44. Rc2 Nb3 45. Ra2 Nc1 46. Rc2 Nxe2+ 47. Rxe2
Rd5 48. Ra2 Kd6 49. Kf2 Rd3 50. Ra4 c5 51. Ra2 Kc6 52. Rb2 Rd6 53. Ke3 Kc7 54.
Rc2 b6 55. Ke2 Kc6 56. Rb2 b5 57. Ke3 b4 58. Rh2 Rd3+ 59. Ke2 c4 60. g4 c3 0-1

[Event "62. BEM 2008"]
[Site "Dortmund"]
[Date "2008.02.26"]
[Round "5.24"]
[White "Gegner, Michael"]
[Black "Strotmann, Dieter"]
[Result "1-0"]
[WhiteElo "1552"]
[BlackElo "1296"]
[PlyCount "69"]
[EventDate "2008.??.??"]
[Source "SG Dortmund"]
[SourceDate "2004.12.16"]

1. d4 d5 2. e4 e6 3. c4 c6 4. e5 c5 5. Be3 b6 6. f4 cxd4 7. Bxd4 Nc6 8. Bf2 Bb7
9. Nf3 dxc4 10. Qa4 a6 11. Nc3 b5 12. Qd1 Bb4 13. Qc2 Nge7 14. Be2 O-O 15. O-O
Qc7 16. Ng5 g6 17. Nce4 h6 18. Nf6+ Kg7 19. Nge4 Nf5 20. Rad1 Rad8 21. Bg4 Nxe5
22. fxe5 Qxe5 23. Bxf5 Bxe4 24. Bxe4 Qxf6 25. Be3 Qe7 26. Qf2 Rc8 27. h4 Bc5
28. Bxc5 Rxc5 29. Rd2 f5 30. Bf3 e5 31. Rfd1 Rc7 32. Bc6 Kh8 33. Rd7 Rxd7 34.
Rxd7 Qe6 35. Qa7 1-0

[Event "62. BEM 2008"]
[Site "Dortmund"]
[Date "2008.02.26"]
[Round "5.25"]
[White "Schrimpl, Michael"]
[Black "Kiauka, Richard"]
[Result "1-0"]
[WhiteElo "1390"]
[BlackElo "1191"]
[PlyCount "125"]
[EventDate "2008.??.??"]
[Source "SG Dortmund"]
[SourceDate "2004.12.16"]

1. c4 e5 2. Nc3 Bc5 3. Nf3 d6 4. g3 a6 5. Bg2 Nc6 6. a3 Rb8 7. O-O Nf6 8. d3 h6
9. Rb1 O-O 10. b4 Ba7 11. a4 Nd4 12. Nxd4 Bxd4 13. Ne4 Nxe4 14. Bxe4 Bh3 15.
Bg2 Bxg2 16. Kxg2 Qd7 17. b5 Rfe8 18. e4 Rf8 19. Be3 Bxe3 20. fxe3 Qe7 21. Rf5
axb5 22. axb5 Ra8 23. Ra1 Rxa1 24. Qxa1 Qd8 25. Rf2 Qg5 26. Rf3 Rb8 27. d4 Qe7
28. Qa7 Qe8 29. dxe5 dxe5 30. Qc5 c6 31. b6 Qf8 32. Qxe5 f6 33. Qf4 Rd8 34. Qc7
Rd2+ 35. Rf2 Rxf2+ 36. Kxf2 Qa8 37. Kf3 Kh7 38. h4 h5 39. g4 hxg4+ 40. Kxg4 Qe8
41. Kf5 Qg6+ 42. Ke6 Qxe4+ 43. Kd7 Qg4+ 44. Kd8 Qxh4 45. Qxb7 f5+ 46. Qe7 Qxc4
47. Kc7 Qa6 48. b7 Qa5+ 49. Kc8 Qa6 50. Qc7 Kh6 51. Qb8 c5 52. Qc7 Qe6+ 53. Kb8
Qe8+ 54. Qc8 Qe5+ 55. Ka8 Qa1+ 56. Kb8 Qe5+ 57. Ka7 Qe7 58. Qc6+ Kg5 59. Ka6
Qxe3 60. b8=Q Qa3+ 61. Kb7 Qb3+ 62. Kc7 Qf7+ 63. Qd7 1-0

[Event "62. BEM 2008"]
[Site "Dortmund"]
[Date "2008.02.26"]
[Round "5.26"]
[White "Ackerhans, Gerd"]
[Black "Fahle, Karl-Wilhelm"]
[Result "1-0"]
[WhiteElo "1415"]
[BlackElo "1202"]
[Annotator "Zelt & Lindam"]
[PlyCount "43"]
[EventDate "2008.??.??"]
[Source "SG Dortmund"]
[SourceDate "2004.12.16"]

1. c4 c5 2. Nc3 g6 3. g3 Bg7 4. Bg2 Nc6 5. Nf3 e6 6. e4 Nge7 7. O-O O-O 8. d3
Ne5 9. Nxe5 Bxe5 10. Be3 b6 11. Qd2 f5 $2 12. exf5 d5 13. fxe6 Bb7 14. cxd5 Nf5
15. Bg5 Qe8 16. Rae1 Bd6 17. Ne4 Be5 18. g4 Nd4 19. f4 Bg7 20. e7 Bxd5 21. Nd6
Qc6 22. Bxd5+ {und die Schwarze Dame nahm gegen die Regeln den Springer.
Schwarz steht im Schach. Notation: 22... Dxd6 23.exf8=D+ Kxf8 24.Le7+ Dxe7 25.
Txe7 Kxe7 26.Lxa8 Kd7 27.f5 Le5 28.f6 Ke6 29.f7 Sf3+ 30.Txf3 Ld4+ 31.Kg2 Lg7
32.De3+ Kd6 33.f8=D+ Lxf8 34.Txf8 Kd7 35.De8+ Kd6 36.Tf6+} 1-0

[Event "62. BEM 2008"]
[Site "Dortmund"]
[Date "2008.02.26"]
[Round "5.27"]
[White "Schoppe, Hans-Werner"]
[Black "Griese, Andreas"]
[Result "1-0"]
[WhiteElo "1243"]
[BlackElo "1058"]
[PlyCount "107"]
[EventDate "2008.??.??"]
[Source "SG Dortmund"]
[SourceDate "2004.12.16"]

1. d4 d5 2. Nf3 Nf6 3. Bg5 e6 4. e3 Be7 5. a3 c6 6. Bd3 Nbd7 7. O-O O-O 8. c4
Ne4 9. Bxe7 Qxe7 10. cxd5 cxd5 11. Qc2 Ndf6 12. Nc3 a6 13. Nd2 b5 14. Ncxe4
dxe4 15. Nxe4 g6 16. Nxf6+ Qxf6 17. Qc7 Qd8 18. Rfc1 Qd7 19. Qxd7 Bxd7 20. Rc7
Rfd8 21. Be4 Rac8 22. Rac1 f5 23. Bb7 Rb8 24. Bxa6 b4 25. Bc4 Kf8 26. axb4 Rxb4
27. b3 Ke7 28. f4 Kd6 29. Rc5 Rc8 30. Ra5 Bb5 31. Rca1 Bxc4 32. bxc4 Rbxc4 33.
Ra6+ R4c6 34. Kf2 Kd5 35. Rxc6 Kxc6 36. Rc1+ Kd7 37. Rxc8 Kxc8 38. Kf3 Kd7 39.
g4 Ke7 40. gxf5 gxf5 41. e4 Kd6 42. exf5 exf5 43. Ke3 Kd5 44. Kd3 h6 45. h3 h5
46. h4 Ke6 47. Kc4 Kd6 48. d5 Kd7 49. Kc5 Kc7 50. d6+ Kd7 51. Kd5 Kd8 52. Ke6
Ke8 53. Kxf5 Kd7 54. Ke5 1-0